[Event "DEN-ch Basis G7"]
[Site "Svendborg"]
[Date "2021.10.24"]
[Round "7"]
[White "Hempler, Poul"]
[Black "Hollesen, Kurt"]
[Result "0-1"]
[WhiteElo "1890"]
[BlackElo "1886"]
[PlyCount "60"]
[EventDate "2021.10.18"]
[EventType "swiss"]
[EventRounds "7"]
[EventCountry "DEN"]
[SourceTitle "EXT 2025"]
[Source "ChessBase"]
[SourceDate "2024.10.14"]
[SourceVersion "1"]
[SourceVersionDate "2024.10.14"]
[SourceQuality "1"]

1. e4 c5 2. c3 d5 3. exd5 Qxd5 4. d4 Nc6 5. Nf3 Bg4 6. Be2 cxd4 7. cxd4 e5 8. Nc3 Bb4 9. 0-0 Bxc3 10. bxc3 e4 11. Ng5 Bxe2 12. Qxe2 f5 13. f3 Nf6 14. fxe4 fxe4 15. Nxe4 Nxe4 16. Re1 0-0 17. Qxe4 Qa5 18. Qe6+ Kh8 19. Bb2 Rad8 20. a4 h6 21. Ba3 Rfe8 22. Qc4 Rxe1+ 23. Rxe1 Kh7 24. Rd1 Qg5 25. Qd3+ Kh8 26. d5 Ne5 27. Qe4 Qh5 28. Rd4 Re8 29. g4 Qh3 30. Rd3 Qxd3 0-1

[Event "DEN-ch U19 rapid"]
[Site "Odense"]
[Date "2021.10.01"]
[Round "5"]
[White "Hempler, Poul"]
[Black "Hoejstrup Christensen, John Christopher"]
[Result "1-0"]
[WhiteElo "1890"]
[BlackElo "1921"]
[PlyCount "63"]
[EventDate "2021.10.01"]
[EventType "swiss"]
[EventRounds "5"]
[EventCountry "DEN"]
[SourceTitle "EXT 2024"]
[Source "ChessBase"]
[SourceDate "2023.10.10"]
[SourceVersion "1"]
[SourceVersionDate "2023.10.10"]
[SourceQuality "1"]

1. e4 c5 2. c3 Nf6 3. e5 Nd5 4. d4 e6 5. Nf3 cxd4 6. cxd4 d6 7. Bc4 Nb6 8. Bb5+ Bd7 9. Bxd7+ Qxd7 10. 0-0 Nc6 11. Nc3 Be7 12. Bf4 0-0 13. Qe2 Nb4 14. Bg3 Rfd8 15. Rfd1 N4d5 16. Ne4 dxe5 17. dxe5 Rac8 18. Bh4 Rc7 19. Bxe7 Qxe7 20. g3 h6 21. Nd4 a6 22. Qg4 Kh8 23. Rac1 Nc4 24. Qh5 Nxb2 25. Rxc7 Qxc7 26. Nd6 Rd7 27. Rb1 b5 28. Kg2 Nc4 29. Rc1 Nce3+ 30. fxe3 Qxc1 31. Nxf7+ Kh7 32. Ng5+ 1-0

[Event "DEN-ch U19 rapid"]
[Site "Odense"]
[Date "2021.10.01"]
[Round "1"]
[White "Kistrup, Nicolai"]
[Black "Hempler, Poul"]
[Result "1-0"]
[WhiteElo "2249"]
[BlackElo "1890"]
[PlyCount "59"]
[EventDate "2021.10.01"]
[EventType "swiss"]
[EventRounds "5"]
[EventCountry "DEN"]
[SourceTitle "EXT 2024"]
[Source "ChessBase"]
[SourceDate "2023.10.10"]
[SourceVersion "1"]
[SourceVersionDate "2023.10.10"]
[SourceQuality "1"]

1. d4 d5 2. c4 c6 3. Nf3 Nf6 4. g3 Bf5 5. Nc3 e6 6. Nh4 Bg6 7. Nxg6 hxg6 8. Qd3 Na6 9. a3 Qa5 10. Bd2 Qb6 11. b4 dxc4 12. Qxc4 Nc7 13. e3 a6 14. Be2 Ncd5 15. Bf3 a5 16. bxa5 Rxa5 17. 0-0 Qb2 18. Ra2 Qb6 19. Nxd5 Rxd5 20. Bxd5 exd5 21. Qa4 Be7 22. Qa8+ Bd8 23. Bb4 Kd7 24. Rb1 Ng4 25. Rab2 Nxh2 26. Kg2 Ng4 27. Bc5 Rh2+ 28. Kg1 Rh1+ 29. Kxh1 Nxf2+ 30. Kg2 1-0